El ángel de cristina /

Guardado en:
Autor Principal: Rodrigues Gesualdi, Carlos
Formato: Libro
Publicado: Buenos Aires : Alfaguara, 2006
Series:Naranja
Materias:
Etiquetas: Agregar Etiqueta
Sin Etiquetas, Sea el primero en etiquetar este registro!
LEADER 01094nam a22001935a 4500
001 CEM.cems013758
008 130507s2006##################000#0#####d
005 20221026090504.0
245 1 0 |a El ángel de cristina /  |c Carlos Rodrigues Gesualdi 
260 |a Buenos Aires :  |b Alfaguara,  |c 2006 
300 |a 272 p. 
490 0 |a Naranja 
505 0 |a Las esperanzas de Cristina -- El que apuesta, gana -- Un gato con ojos de espejo -- Buscando ayuda -- Bruno -- Alguien a quien cuidar -- Foto de familia -- Chocolate doble -- La furia de Cristina -- Dos días de espera -- Lara Prodán -- Nuevos amigos -- Una estrella -- Tengo suficiente -- La hermana de la estrella -- Amigos -- El homenaje -- Otro plan -- Casa diez años vacías -- Birno pide ayuda -- La llave -- El vuelo del ángel -- Una nueva vida -- 
020 |a 9870405711 
100 1 |a Rodrigues Gesualdi, Carlos 
082 0 4 |a A863.4 
600 1 4 |a Literatura Argentina Literatura infantil Novela 
859 |a CEMS  |b BIB. CEMS - Inicial y Primaria  |h A863.4  |i R618-2  |k IP  |p 6536  |t Ej.1 
859 |a CEMS  |b BIB. CEMS - 11 de abril  |h A863.4  |i R618  |p 26351.12  |t Ej.1